00337 2200145 4500001002100000005001500021035002000036245004600056100001200102300001200114260003100126082000800157084001400165990001200179INLIS00000000000199620250527083158 a0010-05250002881 aHarry Potter dan Piala Api /cJ.K.Rowling0 aRowling a896 hlm aJakarta :bGramedia,c2006 a813 a813 ROW h a0712483